书目信息 |
| 题名: |
小型制泠设备与维修
|
|
| 作者: | 李天立 , 马旭升 主编 | |
| 分册: | ||
| 出版信息: | 上海 上海交通大学出版社 1988.12 |
|
| 页数: | 302页 | |
| 开本: | 16开 | |
| 丛书名: | ||
| 单 册: | ||
| 中图分类: | TB657 | |
| 科图分类: | ||
| 主题词: | 制冷--机械 , 制冷--设备 | |
| 电子资源: | ||
| ISBN: | 7-313-01964-5 | |
| 000 | 00644nam0 2200217 45 | |
| 001 | 0010242062 | |
| 005 | 20001024202336.8 | |
| 010 | @a7-313-01964-5@d23.00元 | |
| 100 | @a20001024d1988 km y0chiy0120 ea | |
| 101 | 0 | @achi |
| 105 | @a z 000yy | |
| 200 | 1 | @a小型制泠设备与维修@AXiao Xing Zhi Ling She Bei Yu Wei Xiu@f李天立,马旭升主编@FLi Tian Li,Ma Xu Sheng Zhu Bian |
| 210 | @a上海@c上海交通大学出版社@d1988.12 | |
| 215 | @a302页@d16开 | |
| 606 | 0 | @a制冷@x机械 |
| 606 | 0 | @a制冷@x设备 |
| 690 | @aTB657@v3 | |
| 701 | 0 | @a李天立@4主编 |
| 701 | 0 | @a马旭升@4主编 |
| 801 | @aCN@bPftUser@c20001024 | |
| 905 | @b187222-224@dTB657@eM798=2@f3 | |
| 小型制泠设备与维修/李天立,马旭升主编.-上海:上海交通大学出版社,1988.12 |
| 302页;16开 |
| ISBN 7-313-01964-5:23.00元 |
| ● |
| 相关链接 |
|
|
|
正题名:小型制泠设备与维修
索取号:TB657/M798=2
 
预约/预借
| 序号 | 登录号 | 条形码 | 馆藏地/架位号 | 状态 | 备注 |
| 1 | 187222 | 201872223 | 期刊室512/501自科库 18排2列1层/ [索取号:TB657/M798=2] | 在馆 | |
| 2 | 187223 | 201872232 | 自科库501/501自科库 18排2列5层/ [索取号:TB657/M798=2] | 在馆 | |
| 3 | 187224 | 201872241 | 能源与建筑环境工程学院资料室/201建筑库 13排3列1层/ [索取号:TB657/M798=2] | 在馆 |